000 00712nam a2200181 i 4500
001 164078
003 ES-MaACL
005 20250724074559.0
008 990531s1885 sp |||| | spa d
100 1 _aRubini, R.
_9132144
245 1 0 _aTeoría de las formas en general y principalmente de las binarias.
_nParte primera /
_cobra escrita en italiano por R. Rubini ; para ser traducida y publicada en español por Emilio Márquez y Villarroel.
260 _aSevilla :
_b[s.n.],
_c1885 (
_fImp. de Salvador Acuña)
300 _a414, XVI p. ;
_c22cm.
650 7 _aÁlgebra
_2embne
_99720
700 1 _aMárquez Villarroel, Emilio.
_9130344
852 _aES-MaACL
_jF-5025
_z- Enc. hol.
999 _c164078
_d164078